[Event "Dilijan FIDE GP (Women)"]
[Site "Dilijan"]
[Date "2013.06.22"]
[Round "6"]
[White "Girya, Olga"]
[Black "Kosintseva, Tatiana"]
[Result "1/2-1/2"]
[WhiteElo "2436"]
[BlackElo "2526"]
[Annotator "CB"]
[PlyCount "99"]
[EventDate "2013.06.16"]
[EventType "tourn"]
[EventRounds "11"]
[EventCountry "ARM"]
[EventCategory "11"]
[SourceTitle "CBM 155"]
[Source "ChessBase"]
[SourceDate "2013.07.16"]
[SourceVersion "1"]
[SourceVersionDate "2013.07.16"]
[SourceQuality "1"]

{Girya had better chances against her compatriot Kosintseva.} 1. d4 Nf6 2. c4
e6 3. Nf3 d5 4. Nc3 Bb4 5. cxd5 exd5 6. Bg5 O-O 7. e3 c5 8. Be2 h6 9. Bh4 c4
10. O-O g5 11. Bg3 Bxc3 12. bxc3 Ne4 13. Qc2 Bf5 14. Qb2 Nd7 15. Nd2 Qb6 16.
Qxb6 axb6 17. Nxe4 Bxe4 18. f3 Bg6 19. e4 Rfe8 20. Bd6 f6 21. Rf2 Bf7 22. exd5
Bxd5 23. f4 Re3 24. Bg4 Be6 25. Re2 Rxe2 26. Bxe2 Bd5 27. Bg4 Nf8 28. f5 Re8
29. Kf2 Nd7 30. Rb1 Bc6 31. Be2 b5 32. d5 ({Here White had} 32. a4 {and if}
bxa4 33. Bxc4+ Kg7 34. d5 $18) 32... Bxd5 33. Rxb5 Bc6 34. Bxc4+ Kg7 {White
has won a pawn, but this wasn't enough to win the game.} 35. Rb2 Ne5 36. Be2
Nf7 37. Bg3 Ra8 38. Bc4 Ra3 39. Bb3 Ra5 40. Be6 h5 41. c4 Nh6 42. Bc7 Ng4+ 43.
Ke2 Ra3 44. Rd2 Re3+ 45. Kd1 Rc3 46. Ke2 Re3+ 47. Kd1 Rc3 48. Ke2 Re3+ 49. Kd1
Rc3 50. Ke2 1/2-1/2

[Event "Biel Suri Memorial"]
[Site "Biel"]
[Date "2014.07.15"]
[Round "2"]
[White "Wojtaszek, Radoslaw"]
[Black "Hou, Yifan"]
[Result "1/2-1/2"]
[WhiteElo "2733"]
[BlackElo "2629"]
[Annotator "CB"]
[PlyCount "80"]
[EventDate "2014.07.14"]
[EventType "tourn"]
[EventRounds "10"]
[EventCountry "SUI"]
[EventCategory "19"]
[SourceTitle "CBM 162"]
[Source "ChessBase"]
[SourceDate "2014.09.17"]
[SourceVersion "1"]
[SourceVersionDate "2014.09.17"]
[SourceQuality "1"]

{Hou Yifan keeps showing that her unusual openings are not as bad as one would
suspcet. She drew relatively effortlessly against Radoslaw Wojtaszek; the
Polish player could claim a small edge throughout the game without it being
anything special. The game fizzled out to a draw when too many pieces were
traded.} 1. d4 e6 2. c4 Nf6 3. Nf3 d5 4. Nc3 Bb4 5. cxd5 exd5 6. Bg5 Qd6 $5 {
This move has never really been seen in tournament chess, except in the game
Grischuk-Yu Yangyi from the recent World Rapid Championship. It's possible
that it is some kind of Chinese special preparation in the Ragozin?} 7. Nd2 Bf5
8. e3 (8. Nb5 Qb6 9. Bxf6 gxf6 {is perhaps a little more dangerous although it
was the Chinese player that won in the aforementioned game that followed
exactly like this.}) 8... Nbd7 9. Bf4 Qb6 10. Be2 c5 11. dxc5 Nxc5 12. Be5 O-O
13. O-O Rad8 14. Bd4 Bxc3 15. bxc3 Qc6 16. Qc1 Nfe4 17. Nxe4 Nxe4 18. f3 Nd6
19. Qa3 a6 20. Qc5 Rc8 21. Qxc6 Rxc6 22. a4 h5 23. Ra2 Re8 24. Kf2 Re7 25. Rb2
Nc4 26. Bxc4 Rxc4 27. Ra1 f6 28. h4 Bg6 29. Rb4 Rec7 30. Rxc4 Rxc4 31. a5 Be8
32. Ra2 Ra4 33. Rxa4 Bxa4 34. g4 hxg4 35. fxg4 Kf7 36. g5 fxg5 37. hxg5 Kg6 38.
Kg3 Kxg5 39. Bxg7 Kf5 40. Kf3 Bd1+ 1/2-1/2

[Event "Dilijan FIDE GP (Women)"]
[Site "Dilijan"]
[Date "2013.06.19"]
[Round "4"]
[White "Batchimeg, Tuvshintugs"]
[Black "Harika, Dronavalli"]
[Result "1/2-1/2"]
[WhiteElo "2316"]
[BlackElo "2492"]
[Annotator "CB"]
[PlyCount "122"]
[EventDate "2013.06.16"]
[EventType "tourn"]
[EventRounds "11"]
[EventCountry "ARM"]
[EventCategory "11"]
[SourceTitle "CBM 155"]
[Source "ChessBase"]
[SourceDate "2013.07.16"]
[SourceVersion "1"]
[SourceVersionDate "2013.07.16"]
[SourceQuality "1"]

{White had some problems in the opening, but Harika made some inaccuracies
allowing Tuvshintugs to consolidate the position. In the rook ending Batchimeg
had an extra pawn and good chances to win.} 1. d4 e6 2. c4 d5 3. Nf3 Nf6 4. Nc3
Bb4 5. cxd5 exd5 6. Bg5 h6 7. Bh4 g5 8. Bg3 Ne4 9. Rc1 h5 10. Qa4+ Nc6 11. Ne5
Bd7 12. Nxd7 Qxd7 13. f3 h4 14. Bf2 Nxf2 15. Kxf2 g4 16. e3 g3+ 17. Ke1 gxh2
18. Rxh2 Rh6 19. Bb5 Qd6 20. Rh3 Kf8 21. Bxc6 bxc6 22. a3 Bxc3+ 23. Rxc3 Kg7
24. Qc2 Re8 25. Qf5 Ree6 26. Kf1 Qe7 27. Kf2 a5 28. Qf4 a4 29. b4 axb3 30. Rxb3
c5 31. Rb7 cxd4 32. Qxd4+ Kh7 33. Rb8 Qf6 34. Qxd5 Rd6 35. Qe4+ Kg7 36. f4 Rd2+
37. Kf3 Qa6 38. Qe5+ Rf6 39. Qg5+ Rg6 40. Qe5+ Rf6 41. Qb5 Qxb5 42. Rxb5 Rg6
43. Rxh4 Rgxg2 44. a4 Rdf2+ 45. Ke4 Ra2 46. a5 c6 47. Re5 Rg3 48. Kf5 Ra3 49.
Rg4+ Rxg4 50. Kxg4 Kg6 51. Kf3 Ra4 52. Rc5 Kg7 53. Kg4 Re4 54. Kf3 $2 (54. a6
Rxe3 55. Ra5 Re8 56. a7 Ra8 57. Kf5 Kf8 58. Kf6 Ke8 59. f5 c5 {was winning.}
60. Ke5) 54... Ra4 55. e4 f6 56. e5 fxe5 57. Rxe5 Kf6 58. Rc5 Ke7 59. Rxc6 Rxa5
60. Kg4 Kf7 61. f5 Ra1 1/2-1/2

[Event "Jermuk FIDE GP (Women)"]
[Site "Jermuk"]
[Date "2012.07.19"]
[Round "3"]
[White "Danielian, Elina"]
[Black "Koneru, Humpy"]
[Result "1-0"]
[WhiteElo "2480"]
[BlackElo "2598"]
[Annotator "CB"]
[PlyCount "75"]
[EventDate "2012.07.16"]
[EventType "tourn"]
[EventRounds "11"]
[EventCountry "ARM"]
[EventCategory "11"]
[SourceTitle "CBM 150"]
[Source "ChessBase"]
[SourceDate "2012.09.14"]
[SourceVersion "1"]
[SourceVersionDate "2012.09.14"]
[SourceQuality "1"]

{This game saw White play a new idea, sacrificing a pawn to achieve positional
compensation. Danielian's Indian opponent accepted the offer, but did not
react in an optimal manner, as the Armenian built up first an advantageous
position, and then a winning one.} 1. d4 d5 2. c4 e6 3. Nc3 Bb4 4. Nf3 Nf6 5.
cxd5 exd5 6. Bg5 h6 7. Bh4 c5 8. e3 c4 9. Nd2 Be6 10. Bxf6 Qxf6 11. g3 O-O 12.
Bg2 Rd8 13. O-O Nc6 14. a3 Ba5 15. Rc1 Qe7 16. Qh5 Bxc3 17. bxc3 Qxa3 18. e4
dxe4 19. Nxe4 Qa5 20. Nc5 Bc8 21. Rfe1 Qc7 22. Re3 b6 23. Rce1 bxc5 24. d5 a5
25. dxc6 Be6 26. f4 Rd2 27. Bf3 Qd6 28. f5 Bd5 29. c7 Rf8 {While Danielian
eventually won the game, it must be noted that she missed the winning
continuation:} 30. f6 $4 (30. Re8 Qxc7 31. Bxd5 Qd7 (31... Rxd5 32. R1e7 $18)
32. Bxc4 Rxe8 33. Qxf7+ {is winning for White.}) 30... Bxf3 31. Qxf3 Qxc7 32.
fxg7 Kxg7 33. Re4 Rd6 34. Re7 Qc6 35. Qg4+ Kh8 36. Qf4 Rf6 37. Qxc4 a4 38. Ra7
{The position is a draw, but in the run-up to the time control Humpy's flag
unfortunately fell, resulting in the first victory for Danielian.} 1-0

[Event "Jermuk FIDE GP (Women)"]
[Site "Jermuk"]
[Date "2012.07.25"]
[Round "8"]
[White "Khurtsidze, Nino"]
[Black "Kosintseva, Nadezhda"]
[Result "1/2-1/2"]
[WhiteElo "2456"]
[BlackElo "2516"]
[Annotator "CB"]
[PlyCount "142"]
[EventDate "2012.07.16"]
[EventType "tourn"]
[EventRounds "11"]
[EventCountry "ARM"]
[EventCategory "11"]
[SourceTitle "CBM 150"]
[Source "ChessBase"]
[SourceDate "2012.09.14"]
[SourceVersion "1"]
[SourceVersionDate "2012.09.14"]
[SourceQuality "1"]

{While still early in the opening, the Russian player simply blundered a
central pawn, handing her Georgian rival a winning position.} 1. Nf3 d5 2. d4
Nf6 3. c4 e6 4. Nc3 Bb4 5. cxd5 exd5 6. Bg5 h6 7. Bh4 c5 8. e3 c4 9. Ne5 Qa5
10. Qc2 Ne4 $4 11. Nxc4 $1 Qc7 12. Nd2 ({even better was} 12. Bd3 Nxc3 13. bxc3
dxc4 14. cxb4 $18) 12... Nxc3 13. Rc1 O-O 14. bxc3 Ba3 15. Rb1 Be6 16. Bg3 Qe7
17. Bd3 Nc6 18. O-O Rac8 19. Qa4 Rfd8 20. Rb3 Bd6 21. Bxd6 Rxd6 22. c4 dxc4 23.
Nxc4 Rdd8 24. Rfb1 b6 $2 ({White had already squandered most of her advantage
away, and at this point, Black had a tactical possibility which would
immediately lead to a drawn endgame if she instead found} 24... Nxd4 25. exd4
Rxd4 26. Rxb7 Qc5 27. Bf1 Bxc4 28. Qxa7 Bxf1 29. Qxc5 Rxc5 30. Kxf1 Ra5) 25.
Rc3 Qg5 26. Qc2 Ne7 27. Be4 Nd5 28. Bxd5 Qxd5 29. Rc1 Rc7 30. Ne5 Rxc3 31. Qxc3
Rc8 32. Qd2 Rxc1+ 33. Qxc1 Qxa2 34. e4 Qe2 35. f3 a5 36. h3 a4 37. d5 Bxd5 38.
Qc8+ Kh7 39. Qf5+ g6 40. Nxg6 Qe3+ 41. Kh2 Qg5 42. Nf8+ Kg7 43. Qh7+ Kxf8 44.
exd5 a3 45. Qh8+ Ke7 46. Qd4 Qf6 47. Qe4+ Kd8 48. Qc4 Qd6+ 49. f4 b5 50. Qxb5
Qxf4+ 51. Kh1 Qc1+ 52. Kh2 Qc7+ 53. Kh1 {In the endgame, with both players in
serious time trouble, it was Black who missed the winning line.} Qa7 (53... a2
$1 54. Qb2 Qc4 $18) 54. Qb4 Kd7 55. Qf8 Qa4 56. Qxf7+ Kd6 57. Qf6+ Kc5 58. Qc3+
Kd6 59. Qf6+ Kc5 60. Qc3+ Kxd5 61. Qf3+ Kc5 62. Qe3+ Kc4 63. Qe4+ Kb3 64. Qe3+
Kc2 65. Qe2+ Kb1 66. Qe1+ Kb2 67. Qe5+ Kc2 68. Qe2+ Kc3 69. Qe3+ Kb2 70. Qe5+
Kb1 71. Qe1+ Kb2 1/2-1/2

[Event "Vlissingen HZ op 17th"]
[Site "Vlissingen"]
[Date "2013.08.10"]
[Round "9"]
[White "Krasenkow, Michal"]
[Black "Zhao, Xue"]
[Result "1-0"]
[WhiteElo "2635"]
[BlackElo "2562"]
[Annotator "CB"]
[PlyCount "75"]
[EventDate "2013.08.03"]
[EventType "swiss"]
[EventRounds "9"]
[EventCountry "NED"]
[SourceTitle "CBM 155 Extra"]
[Source "ChessBase"]
[SourceDate "2013.08.26"]
[SourceVersion "1"]
[SourceVersionDate "2013.08.26"]
[SourceQuality "1"]

1. Nf3 Nf6 2. c4 e6 3. Nc3 d5 4. d4 Bb4 5. Bg5 h6 6. Bxf6 Qxf6 7. Qa4+ ({
Häufiger sieht man} 7. e3) ({oder} 7. Qb3) 7... Nc6 8. e3 O-O 9. Rc1 (9. Be2
dxc4 10. O-O Bd7 11. Bxc4 Bd6 12. Qc2 e5 13. d5 Nb4 14. Qd2 Qg6 15. a3 Na6 16.
b4 Bh3 17. Ne1 e4 18. f3 exf3 19. Nxf3 Bg4 20. Bd3 Qh5 21. Ne4 Rad8 22. Nxd6
Rxd6 23. e4 c6 24. Qf4 Rf6 25. Qg3 cxd5 26. Ne5 Rxf1+ 27. Rxf1 f5 28. exf5 Bxf5
29. Qf4 g5 30. Qf2 Qe8 31. Bxf5 Qxe5 32. Be6+ {1-0 (32) Ragger,M (2670)
-Cornette,M (2552) Belfort 2012}) 9... Rd8 10. cxd5 exd5 11. Be2 Be6 12. O-O
Bf8 (12... a6 13. Qd1 Bd6 14. Na4 Ne7 15. Nc5 Bc8 16. Rc3 b6 17. Nd3 Ng6 18.
Qb3 Bf5 19. Rfc1 Rac8 20. Qd1 a5 21. a3 Qe7 22. Nde1 c5 23. dxc5 bxc5 24. Bd3
Be4 25. Qa4 Rb8 26. R3c2 Ra8 27. Bxe4 dxe4 28. Nd2 f5 29. Nc4 Bc7 30. Qc6 Kh7
31. g3 h5 32. h4 Rab8 33. Ng2 Rd3 34. Nf4 Bxf4 35. exf4 Nxf4 36. gxf4 Qxh4 37.
Ne5 Rbd8 38. Qg6+ Kg8 39. Qf7+ {1-0 (39) Langeweg,K-Medina Garcia,A Wijk aan
Zee 1969}) 13. a3 Ne7 14. b4 Nf5 (14... c6 15. b5) 15. Nb5 c6 16. Nc7 Rab8 17.
Nxe6 {Halbiert das schwarze Läuferpaar.} ({Nach} 17. Qxa7 Bd7 {ist der
Springer eingesperrt, kann aber mit} 18. b5 Bd6 19. b6 {gehalten werden. Nach
z.B.:} Nh4 {hat Schwarz aber gleiches Spiel.}) 17... Qxe6 18. Qxa7 Nxe3 $1 ({
In Betracht kam auch} 18... Ra8 $5 {In manchen Varianten kommt nun die weiße
Dame ins Gedränge.} 19. Qb6 (19. Qxb7 Nd6 20. Qxc6 Rdc8 21. Qb6 Rcb8 {mit
ewiger Verfolgung.}) 19... Bd6 20. Rc3 (20. Qxb7 Ne7 21. Ne5 Bxe5 22. dxe5 Qxe5
23. b5 Rdb8 24. Qd7 f5 25. bxc6 Rd8 26. Qb7 Rdb8) 20... Rdb8 21. b5 ({Es
drohte Damenfang mit} 21. Z0 Qe8 22. Z0 Ne7 23. Z0 Nc8) 21... Ne7 22. Ne5 Bxe5
23. dxe5 Qxe5 24. Rfc1 $11) 19. fxe3 Qxe3+ 20. Kh1 Qxe2 21. Ne5 Bd6 $2 ({
Richtig war} 21... Qb5 {, was Damenfang droht und das Feld f1 unter Kontrolle
hält.} 22. Rxf7 (22. Nxf7 Ra8 23. a4 Qxb4 24. Rb1 Rxa7 25. Rxb4 Re8 $19) 22...
Bd6 23. Rcf1 Rf8 24. Rxf8+ Rxf8 25. Rxf8+ Bxf8 26. Nf3 Bd6 $11) 22. Nxf7 Rf8 {
Die Fesselung des Springers kann leicht aufgehoben werden.} 23. Rfe1 Qg4 24.
Nxd6 Qd7 {Schwarz hat Mühe, seine Figur zurück zu erobern. Am Ende kostet
Zhao Xue die Abwicklung einen Bauern.} 25. Qc5 Rf6 26. Nxb7 Qxb7 27. Rf1 Rxf1+
28. Rxf1 Qa6 29. Rf3 Re8 30. h3 Qa4 31. Kh2 Kh7 32. Rg3 Kh8 $2 (32... Re1 $5 {
droht Dd1 und Gewinn.} 33. Qf8 Qa7 {Droht Rückgewinn des Bauern und von d4
deckt die Dame immer noch g7.} 34. Qf2 {z.B.:} Ra1 35. Qf5+ Kh8 36. Qc8+ Kh7
37. Qxc6 Qxd4 {und der weiße Sieg ist noch nicht in trockenen Tüchern.}) 33.
Rc3 Re4 34. Qxc6 Qxc6 35. Rxc6 Rxd4 36. b5 Rd3 37. b6 Rb3 (37... Rxa3 38. Rc8+
Kh7 39. b7 $19) 38. a4 1-0

[Event "Dilijan FIDE GP (Women)"]
[Site "Dilijan"]
[Date "2013.06.27"]
[Round "10"]
[White "Ushenina, Anna"]
[Black "Kosintseva, Tatiana"]
[Result "1-0"]
[WhiteElo "2499"]
[BlackElo "2526"]
[Annotator "CB"]
[PlyCount "81"]
[EventDate "2013.06.16"]
[EventType "tourn"]
[EventRounds "11"]
[EventCountry "ARM"]
[EventCategory "11"]
[SourceTitle "CBM 155"]
[Source "ChessBase"]
[SourceDate "2013.07.16"]
[SourceVersion "1"]
[SourceVersionDate "2013.07.16"]
[SourceQuality "1"]

{Women's world champion Anna Ushenina had no victories in this tournament
before this round. After drawing the first eight games she lost to Cmilyte
yesterday. Today she was playing Kosintseva whose performance here is not very
stable.} 1. d4 Nf6 2. c4 e6 3. Nf3 d5 4. Nc3 Bb4 5. Qa4+ Nc6 6. Bg5 h6 7. Bxf6
Qxf6 8. e3 O-O 9. Be2 Bd7 10. Qc2 dxc4 11. O-O Bxc3 12. Qxc3 b5 13. b3 Qe7 14.
bxc4 b4 15. Qc2 a5 16. c5 Rfb8 17. Nd2 a4 18. Rab1 e5 19. d5 b3 20. Qe4 Nb4 21.
axb3 Qxc5 22. bxa4 Nxd5 23. Rxb8+ Rxb8 24. Qxe5 Re8 25. Qh5 Bxa4 $2 26. Bc4 $1
c6 27. e4 g6 28. Qxh6 (28. Qf3 {was simpler.}) 28... Ne7 29. Rc1 Qd4 30. Nf3
Qg7 31. Qf4 Bb5 32. Bb3 $1 Rf8 33. Ng5 {and White has a winning attack.} Nc8
34. h3 Ne7 35. Kh2 Be2 36. Re1 Bb5 37. Rc1 Be2 38. Kh1 Qb2 39. Bxf7+ Kh8 40.
Re1 Bh5 41. g4 1-0

[Event "World Cup"]
[Site "Khanty-Mansiysk"]
[Date "2007.11.30"]
[Round "3.1"]
[White "Cheparinov, Ivan"]
[Black "Mamedyarov, Shakhriyar"]
[Result "1-0"]
[WhiteElo "2670"]
[BlackElo "2752"]
[Annotator "CB"]
[PlyCount "88"]
[EventDate "2007.11.24"]
[EventType "k.o."]
[EventRounds "7"]
[EventCountry "RUS"]
[SourceTitle "CBM 122"]
[Source "ChessBase"]
[SourceDate "2008.01.30"]
[SourceVersion "1"]
[SourceVersionDate "2008.01.30"]
[SourceQuality "1"]

1. Nf3 Nf6 2. c4 e6 3. d4 d5 4. Nc3 Bb4 5. cxd5 exd5 6. Bg5 Nbd7 7. e3 c5 8.
Qc2 Qa5 9. Bd3 c4 10. Bf5 O-O 11. O-O Re8 12. Nd2 g6 13. Bxd7 Nxd7 14. h4 Nb6
15. f3 Bf8 16. e4 Bg7 17. Be3 Be6 {A novelty. Previously Black took on e4,
which leaves White with a very pleasant position. Mamedjarov tries to keep the
center blockaded, but White finds enough play on the wings.} 18. a4 {One move
on the left side} Bd7 19. h5 {One move on the right side} Rac8 20. Rfe1 {
And finally a move in the center.} Bc6 21. hxg6 hxg6 22. e5 Na8 23. Nf1 Nc7 24.
f4 Bd7 25. Ng3 Qb6 26. a5 Qe6 27. f5 $1 {The danger comes on the g-file, not
on the h-file, as it seemed.} gxf5 28. Nh5 Qg6 29. Nxg7 Kxg7 30. Bf4 Ne6 $2 ({
After} 30... Rh8 31. Re3 Rh4 $1 32. Rg3 Rg4 {Cheparinov had yet to show the
correctness of his aggressive strategy.}) 31. Qf2 Rh8 32. Re3 {Suddenly Black
is in troubles.} Rh5 {The resulting positions after this move are hopeless.} ({
Perhaps some more chances would have offered} 32... Nxf4 33. Rg3 Nd3 34. Rxg6+
fxg6 {but White should be winning here anyway.}) 33. Rg3 Rch8 34. Rxg6+ fxg6
35. Qf3 Rh1+ 36. Kf2 Rxa1 37. Qxd5 Bc8 38. Ne2 g5 39. Bc1 f4 40. Qxc4 b6 41. d5
{The central pawns quickly decide the outcome.} Nc5 42. e6 Ra4 43. Qc3+ Kg8 44.
Kg1 Re4 1-0

[Event "Rilton Cup 45th"]
[Site "Stockholm"]
[Date "2016.01.02"]
[Round "6"]
[White "Krasenkow, Michal"]
[Black "Hammer, Jon Ludvig"]
[Result "0-1"]
[WhiteElo "2610"]
[BlackElo "2695"]
[Annotator "CB"]
[PlyCount "100"]
[EventDate "2015.12.27"]
[EventType "swiss"]
[EventRounds "9"]
[EventCountry "SWE"]
[SourceTitle "CBM 170 Extra"]
[Source "ChessBase"]
[SourceDate "2016.02.25"]
[SourceVersion "1"]
[SourceVersionDate "2016.02.25"]
[SourceQuality "1"]

1. d4 Nf6 2. c4 e6 3. Nf3 d5 4. Nc3 Bb4 5. Bg5 h6 6. Bxf6 Qxf6 7. Qa4+ Nc6 8.
e3 O-O 9. Rc1 (9. Be2 {ist die Hauptvariante und erzielt prozentual deutlich
bessere Ergebnisse, nach} dxc4 10. O-O Bd7 11. Bxc4 Bxc3 (11... Bd6 {hier kann
Schwarz das Läuferpaar nicht behaupten} 12. Ne4 Qe7 13. Qc2 e5 14. d5 Nd8 15.
Nxd6 cxd6 16. Rac1 $14 {1-0 (36) Wagner,D (2481)-Landa,K (2640) Germany 2013})
12. bxc3 Rfd8 {hat Weiß das leichtere Spiel, auch wenn Aronian die Variante
zuletzt gut behaupten konnte:} 13. Be2 Be8 14. Qa3 Qe7 15. Qb2 b6 16. Nd2 Na5
17. Nb3 Nxb3 18. axb3 a5 19. b4 axb4 20. Qxb4 Kf8 21. Bf3 Qxb4 22. cxb4 Rxa1
23. Rxa1 Ke7 24. Kf1 Kd6 25. Ke2 Bb5+ 26. Kd2 e5 27. dxe5+ Kxe5+ 28. Kc3 Rd3+
29. Kc2 Rd8 30. Kc3 Rd3+ 31. Kc2 Rd8 32. Kc3 {1/2-1/2 (32) Vachier Lagrave,M 
(2731)-Aronian,L (2765) Saint Louis 2015}) 9... Qg6 {nun kann sich Weiß nicht
fertig entwickeln und entscheidet sich die lästige Dame auf g6 zu tauschen.}
10. Qc2 Qxc2 11. Rxc2 Rd8 12. a3 Bf8 {Schwarz konnte nun das Läuferpaar retten
und hat so langfristig gesehen einen großen Trumpf. Weiß muss versuchen, die
Stellung so geschloßen wie nur möglich zu halten.} 13. Be2 (13. Nb5 Rd7 14. Bd3
a6 15. Nc3 Ne7 16. Ke2 Rd8 $11 {1-0 (69) Kramnik,V (2783)-Aronian,L (2777)
Zuerich 2015}) 13... Na5 $146 14. c5 Nc6 15. b4 g5 $5 {leitet die Öffnung der
Stellung ein.} 16. g4 {Diagramm [#]} (16. b5 Ne7 17. O-O Bg7 $13 {und Schwarz
hat mit f6-e5 bzw. b6 verschiedene Hebel zur Verfügung}) 16... e5 $1 17. Nxe5
Nxe5 18. dxe5 a5 $132 19. O-O axb4 20. axb4 c6 {Schwarz bekommt den Bauern
nicht sofort zurück, seine Türme und Läufer entfalten jedoch innerhalb weniger
Züge ihr Potential, sodass das materielle Zugeständnis durch die Initiative
kompensiert wird.} 21. Rd1 {ambitioniert gespielt} (21. Ra2 $5 {im Wissen um
die folgende Karriere des Ta8 erscheint dieser Abtausch empfehlenswert.} Rxa2
22. Nxa2 Re8 {Schwarz bekommt das Material zurück, Weiß gewinnt jedoch Zeit,
sich richtig zu positionieren.} 23. Nc1 (23. f4 gxf4 24. exf4 f6 $36) 23...
Rxe5 24. Nb3 {[%cal Gf1a1,Gb3d4]} Re8 25. Ra1 Bg7 26. Ra8 $132) 21... Bg7 22.
f4 Re8 23. Kf2 gxf4 24. exf4 f6 25. exf6 Bxf6 26. h3 Ra3 {drei der vier
schwarzen Figuren sind bereits bestens aktiviert, der Lc8 wird auf der
Diagonale a2-g8 Arbeit finden. Weiß ist bemüht, die Stellung zusammenzuhalten.}
27. Rd3 Kg7 28. Kf3 $6 (28. Na2 Bh4+ 29. Kf3 Ra4 30. f5 {[%csl Ge6]} Bd7 $15)
28... Be6 29. Nd1 Ra4 30. Rb3 d4 31. Bc4 {Diagramm [#]} Ra2 $1 {nach 5
Sekunden Bedenkzeit ausgeführt. Diese Taktik wurde von Krasenkow bei 28. Kf3
wohl übersehen. Nun ist die weiße Stellung nicht mehr zu retten.} 32. Rxa2 (32.
Rc1 Bxc4 33. Rxc4 Rh2 $19) 32... Bxc4 33. g5 Bxb3 34. gxf6+ Kxf6 35. Rd2 Bxd1+
36. Rxd1 Re3+ 37. Kf2 Re4 38. Rd3 Rxf4+ 39. Ke2 Ke5 40. Rg3 Ke4 41. Rg7 d3+ 42.
Kd2 Rf2+ 43. Kc3 Rc2+ 44. Kb3 Rc1 45. Re7+ Kf3 46. Rf7+ Ke2 47. Re7+ Kd1 48.
Kb2 d2 49. Re4 Rc2+ 50. Kb1 Rc3 0-1